Teoría política y comunicación

Збережено в:
Бібліографічні деталі
Автори: Labarrière, Jean-Louis (Автор), Lazzeri, Christian (Автор), Dupuy, Jean-Pierre (Автор), Spitz, Jean-Fabien (Автор), Achache, Gilles (Автор), Livet, Pierre (Автор), Prado, Plinio W (Автор), Lellouche, Raphael (Автор), Bourricaud, Francois (Автор)
Інші автори: Marramao, Giacomo (autor)
Формат: Книга
Мова:Іспанська
Опубліковано: Barcelona Gedisa 2001
Серія:Colección El Mamífero Parlante
Предмети:
Теги: Додати тег
Немає тегів, Будьте першим, хто поставить тег для цього запису!

MARC

LEADER 00000nam a2200000 a 4500
001 UCL3210
003 CL-VaPUC
008 031114e20010000SP |||||||||||||||||spa|d
020 |a 8474324300 
082 0 4 |a 320.01  |b LAB  |2 21 
100 |a Labarrière, Jean-Louis  |e author  |9 480466 
700 0 |a Lazzeri, Christian  |e author  |9 480467 
700 0 |a Dupuy, Jean-Pierre  |e author  |9 480468 
700 0 |a Spitz, Jean-Fabien  |e author  |9 480469 
700 0 |a Achache, Gilles  |e author  |9 480470 
700 0 |a Livet, Pierre  |e author  |9 480471 
700 0 |a Prado, Plinio W  |e author  |9 480472 
700 0 |a Lellouche, Raphael  |e author  |9 480473 
700 |a Marramao, Giacomo  |e autor  |9 591404 
700 0 |a Bourricaud, Francois  |e author  |9 480475 
245 1 0 |a Teoría política y comunicación 
300 |a 274 p 
942 |c BK 
945 |d 20031114 00:00:00  |a cmena 
260 |a Barcelona  |b Gedisa  |c 2001 
650 7 |a FILOSOFIA POLITICA  |2 CL-VaPUC  |9 480476 
650 0 |a Discursos políticos  |9 373524 
650 0 |a Poder político  |9 255509 
650 0 |a Comunicación   |9 257251 
583 |a last modification  |c 20031114 00:00:00  |k Rodrigo Vera 
490 0 |a Colección El Mamífero Parlante 
999 |c 306326  |d 306324 
952 |0 0  |1 0  |4 0  |6 320_010000000000000_LAB_2001  |7 0  |8 A  |9 371268  |a FDOPOS  |b FDOPOS  |d 2019-11-21  |i 396566K  |o 320.01 LAB 2001  |p 396566K  |r 2025-01-22  |w 2019-11-21  |y BK  |k MLA 
952 |0 0  |1 0  |4 0  |6 320_010000000000000_LAB_2001  |7 0  |8 A  |9 371269  |a BIBCUR  |b BIBCUR  |d 2019-11-21  |i 4562682  |o 320.01 LAB 2001  |p 4562682  |r 2025-04-22  |w 2019-11-21  |y BK  |k MGC